[Event "DEM U10 2025"]
[Site "Willingen GER"]
[Date "2025.06.09"]
[Round "3"]
[White "Al Luwaisi, Taim"]
[Black "Möller, Julian"]
[Result "0-1"]
[Termination "normal"]
[Board "27"]
[WhiteElo "1694"]
[BlackElo "1161"]
[WhiteClock "00:39:21"]
[BlackClock "00:31:04"]
[PlyCount "94"]
[WhiteFideId "34645896"]
[BlackFideId "533022577"]
[EventCountry "GER"]
[EventRounds "9"]
[EventType "swiss"]
[EventDate "2025.06.07"]

1. e4 {[%clk 01:30:58]} e5 {[%clk 01:30:52]} {[%emt 00:00:08]} 2. Nf3 {[%clk
01:31:21]} {[%emt 00:00:08]} Nc6 {[%clk 01:31:11]} {[%emt 00:00:11]} 3. Bc4
{[%clk 01:31:45]} {[%emt 00:00:06]} Bc5 {[%clk 01:31:26]} {[%emt 00:00:15]} 4.
O-O {[%clk 01:32:04]} {[%emt 00:00:11]} Nf6 {[%clk 01:31:40]} {[%emt 00:00:14]}
5. d3 {[%clk 01:32:27]} {[%emt 00:00:09]} d6 {[%clk 01:31:43]} {[%emt
00:00:27]} 6. c3 {[%clk 01:32:46]} {[%emt 00:00:11]} Qe7 {[%clk 01:31:34]}
{[%emt 00:00:37]} 7. a4 {[%clk 01:33:02]} {[%emt 00:00:16]} a5 {[%clk
01:31:00]} {[%emt 00:01:04]} 8. h3 {[%clk 01:33:11]} {[%emt 00:00:21]} h6
{[%clk 01:31:03]} {[%emt 00:00:26]} 9. Re1 {[%clk 01:33:30]} {[%emt 00:00:11]}
O-O {[%clk 01:31:04]} {[%emt 00:00:29]} 10. Be3 {[%clk 01:33:42]} {[%emt
00:00:18]} Ba7 {[%clk 01:30:26]} {[%emt 00:01:09]} 11. Nbd2 {[%clk 01:33:42]}
{[%emt 00:00:30]} Be6 {[%clk 01:29:49]} {[%emt 00:01:06]} 12. Bxe6 {[%clk
01:33:45]} {[%emt 00:00:27]} Qxe6 {[%clk 01:30:06]} {[%emt 00:00:13]} 13. Nf1
{[%clk 01:33:58]} {[%emt 00:00:18]} Ne7 {[%clk 01:28:21]} {[%emt 00:02:14]} 14.
Ng3 {[%clk 01:34:06]} {[%emt 00:00:21]} Ng6 {[%clk 01:27:37]} {[%emt 00:01:14]}
15. Bxa7 {[%emt 00:03:44]} Rxa7 {[%clk 01:27:50]} {[%emt 00:00:16]} 16. d4
{[%clk 01:21:08]} {[%emt 00:10:15]} Re8 {[%clk 01:24:46]} {[%emt 00:03:34]} 17.
d5 {[%clk 01:21:04]} {[%emt 00:00:35]} Qd7 {[%clk 01:24:29]} {[%emt 00:00:46]}
18. c4 {[%clk 01:15:48]} {[%emt 00:05:46]} b6 {[%clk 01:19:00]} {[%emt
00:05:59]} 19. Qc2 {[%clk 01:14:07]} {[%emt 00:02:10]} Raa8 {[%clk 01:13:12]}
{[%emt 00:06:18]} 20. Qb3 {[%clk 01:07:40]} {[%emt 00:06:57]} Rab8 {[%clk
01:09:36]} {[%emt 00:04:07]} 21. Qb5 {[%clk 01:07:55]} {[%emt 00:00:16]} Qxb5
{[%clk 01:08:55]} {[%emt 00:01:10]} 22. cxb5 {[%clk 01:08:17]} {[%emt
00:00:09]} Nf4 {[%clk 01:07:10]} {[%emt 00:02:15]} 23. Re3 {[%clk 01:08:01]}
{[%emt 00:00:46]} Nd7 {[%clk 00:55:55]} {[%emt 00:11:45]} 24. Kf1 {[%clk
01:06:20]} {[%emt 00:02:11]} Nc5 {[%clk 00:51:13]} {[%emt 00:05:11]} 25. Ne2
{[%clk 01:05:45]} {[%emt 00:01:04]} Nxe2 {[%clk 00:49:33]} {[%emt 00:02:09]}
26. Kxe2 {[%clk 01:05:37]} {[%emt 00:00:39]} g6 {[%clk 00:47:42]} {[%emt
00:02:22]} 27. b3 {[%clk 00:59:59]} {[%emt 00:06:09]} Kg7 {[%clk 00:46:02]}
{[%emt 00:02:08]} 28. Nd2 {[%clk 00:59:53]} {[%emt 00:00:36]} f5 {[%clk
00:44:28]} {[%emt 00:02:04]} 29. f3 {[%clk 00:54:07]} {[%emt 00:06:16]} f4
{[%clk 00:42:48]} {[%emt 00:02:10]} 30. Rc3 {[%clk 00:54:29]} {[%emt 00:00:08]}
Rbc8 {[%clk 00:40:32]} {[%emt 00:02:45]} 31. Rg1 {[%clk 00:51:40]} {[%emt
00:03:20]} g5 {[%clk 00:39:43]} {[%emt 00:01:18]} 32. g3 {[%clk 00:51:57]}
{[%emt 00:00:13]} Kf6 {[%clk 00:39:45]} {[%emt 00:00:27]} 33. gxf4 {[%clk
00:52:02]} {[%emt 00:00:26]} gxf4 {[%clk 00:39:46]} {[%emt 00:00:29]} 34. Rcc1
{[%clk 00:52:02]} {[%emt 00:00:30]} Rg8 {[%clk 00:39:23]} {[%emt 00:00:53]} 35.
h4 {[%clk 00:51:20]} {[%emt 00:01:12]} Kf7 {[%clk 00:37:06]} {[%emt 00:02:46]}
36. h5 {[%clk 00:48:46]} {[%emt 00:03:04]} Rxg1 {[%clk 00:37:22]} {[%emt
00:00:14]} 37. Rxg1 {[%clk 00:48:52]} {[%emt 00:00:24]} Rg8 {[%clk 00:37:29]}
{[%emt 00:00:23]} 38. Rh1 {[%clk 00:38:03]} {[%emt 00:11:19]} Rg2+ {[%clk
00:36:53]} {[%emt 00:01:06]} 39. Kd1 {[%clk 00:38:28]} {[%emt 00:00:07]} Nd7
{[%clk 00:35:15]} {[%emt 00:02:05]} 40. Kc2 {[%clk 00:38:19]} {[%emt 00:00:41]}
Kf6 {[%clk 00:35:05]} {[%emt 00:00:39]} 41. Kd3 {[%clk 00:38:08]} {[%emt
00:00:42]} Kg5 {[%clk 00:34:44]} {[%emt 00:00:50]} 42. Rc1 {[%clk 00:38:27]}
{[%emt 00:00:12]} Nc5+ {[%clk 00:34:46]} {[%emt 00:00:28]} 43. Kc3 {[%clk
00:38:54]} {[%emt 00:00:03]} Kxh5 {[%clk 00:33:10]} {[%emt 00:02:06]} 44. Rh1+
{[%clk 00:39:05]} {[%emt 00:00:19]} Kg5 {[%clk 00:33:16]} {[%emt 00:00:23]} 45.
Nf1 {[%clk 00:39:04]} {[%emt 00:00:32]} h5 {[%clk 00:32:31]} {[%emt 00:01:14]}
46. Nh2 {[%clk 00:38:55]} {[%emt 00:00:39]} h4 {[%clk 00:31:52]} {[%emt
00:01:09]} 47. Ng4 {[%clk 00:39:21]} {[%emt 00:00:04]} Nxe4+ {[%clk 00:31:04]}
{[%emt 00:01:19]} 0-1

[Event "DEM U10 2025"]
[Site "Willingen GER"]
[Date "2025.06.09"]
[Round "3"]
[White "Schubert, Anton"]
[Black "Tomovski, Leon"]
[Result "0-1"]
[Termination "normal"]
[Board "28"]
[WhiteElo "1039"]
[BlackElo "1540"]
[WhiteClock "00:30:44"]
[BlackClock "01:22:14"]
[PlyCount "64"]
[WhiteFideId "533043523"]
[BlackFideId "34691790"]
[EventCountry "GER"]
[EventRounds "9"]
[EventType "swiss"]
[EventDate "2025.06.07"]

1. e4 {[%clk 01:30:30]} {[%emt 00:28:13]} e6 {[%clk 01:30:49]} {[%emt
00:00:18]} 2. d4 {[%clk 01:31:13]} {[%emt 00:00:11]} d5 {[%clk 01:31:17]}
{[%emt 00:00:03]} 3. exd5 {[%clk 01:31:13]} {[%emt 00:00:30]} exd5 {[%clk
01:31:38]} {[%emt 00:00:09]} 4. Bd3 {[%clk 01:30:57]} {[%emt 00:00:45]} Bd6
{[%clk 01:32:02]} {[%emt 00:00:07]} 5. Ne2 {[%clk 01:30:38]} {[%emt 00:00:43]}
Nf6 {[%clk 01:32:30]} {[%emt 00:00:08]} 6. Bf4 {[%clk 01:30:10]} {[%emt
00:00:57]} O-O {[%clk 01:32:40]} {[%emt 00:00:21]} 7. Bxd6 {[%clk 01:29:51]}
{[%emt 00:00:48]} Qxd6 {[%clk 01:33:05]} {[%emt 00:00:06]} 8. O-O {[%clk
01:28:40]} {[%emt 00:01:41]} Ng4 {[%clk 01:30:45]} {[%emt 00:02:51]} 9. Ng3
{[%clk 01:27:36]} {[%emt 00:01:33]} h5 {[%clk 01:30:49]} {[%emt 00:00:26]} 10.
h3 {[%clk 01:25:03]} {[%emt 00:03:03]} h4 {[%clk 01:30:46]} {[%emt 00:00:34]}
11. hxg4 {[%clk 01:24:54]} {[%emt 00:00:37]} hxg3 {[%clk 01:31:12]} {[%emt
00:00:06]} 12. f3 {[%clk 01:21:45]} {[%emt 00:03:39]} Qh6 {[%clk 01:31:19]}
{[%emt 00:00:23]} 13. Re1 {[%clk 01:17:43]} {[%emt 00:04:31]} Qh2+ {[%clk
01:31:27]} {[%emt 00:00:22]} 14. Kf1 {[%clk 01:17:29]} {[%emt 00:00:44]} Qh1+
{[%clk 01:31:52]} {[%emt 00:00:06]} 15. Ke2 {[%clk 01:17:33]} {[%emt 00:00:26]}
Qxg2+ {[%clk 01:32:07]} {[%emt 00:00:16]} 16. Ke3 {[%clk 01:16:52]} {[%emt
00:01:10]} g5 {[%clk 01:32:22]} {[%emt 00:00:16]} 17. Re2 {[%clk 01:15:14]}
{[%emt 00:02:06]} Re8+ {[%clk 01:30:46]} {[%emt 00:02:08]} 18. Kd2 {[%clk
01:14:56]} {[%emt 00:00:47]} Rxe2+ {[%clk 01:31:04]} {[%emt 00:00:12]} 19. Qxe2
{[%clk 01:14:06]} {[%emt 00:01:20]} Qh1 {[%clk 01:29:23]} {[%emt 00:02:12]} 20.
Qe8+ {[%clk 01:13:32]} {[%emt 00:01:02]} Kg7 {[%clk 01:28:45]} {[%emt
00:01:09]} 21. Qe5+ {[%clk 01:10:21]} {[%emt 00:03:38]} Kf8 {[%clk 01:29:00]}
{[%emt 00:00:18]} 22. Qxg3 {[%clk 01:09:33]} {[%emt 00:01:18]} Na6 {[%clk
01:28:33]} {[%emt 00:00:59]} 23. f4 {[%clk 01:02:41]} {[%emt 00:07:21]} Be6
{[%clk 01:27:42]} {[%emt 00:01:22]} 24. f5 {[%clk 01:00:32]} {[%emt 00:02:39]}
Bd7 {[%clk 01:28:03]} {[%emt 00:00:09]} 25. Bxa6 {[%clk 00:59:19]} {[%emt
00:01:42]} bxa6 {[%clk 01:26:53]} {[%emt 00:01:41]} 26. Qxc7 {[%clk 00:58:37]}
{[%emt 00:01:11]} Bb5 {[%clk 01:27:11]} {[%emt 00:00:12]} 27. Qd6+ {[%clk
00:57:39]} {[%emt 00:01:27]} Kg8 {[%clk 01:27:17]} {[%emt 00:00:25]} 28. Qg3
{[%clk 00:56:46]} {[%emt 00:01:17]} Re8 {[%clk 01:27:09]} {[%emt 00:00:44]} 29.
b3 {[%clk 00:48:30]} {[%emt 00:08:46]} a5 {[%clk 01:26:25]} {[%emt 00:01:15]}
30. Kc3 {[%clk 00:46:05]} {[%emt 00:02:49]} Qc1 {[%clk 01:24:21]} {[%emt
00:02:39]} 31. b4 {[%clk 00:33:29]} {[%emt 00:13:06]} Rc8+ {[%clk 01:22:44]}
{[%emt 00:02:07]} 32. Kb3 {[%clk 00:30:44]} {[%emt 00:03:15]} a4# {[%clk
01:22:14]} {[%emt 00:01:01]} 0-1

[Event "DEM U10 2025"]
[Site "Willingen GER"]
[Date "2025.06.09"]
[Round "3"]
[White "Peterson, James"]
[Black "Zentgraf, Raphael"]
[Result "0-1"]
[Termination "normal"]
[Board "29"]
[WhiteElo "1338"]
[BlackElo "1660"]
[WhiteClock "00:36:05"]
[BlackClock "00:41:04"]
[PlyCount "102"]
[WhiteFideId "34692452"]
[BlackFideId "34684166"]
[EventCountry "GER"]
[EventRounds "9"]
[EventType "swiss"]
[EventDate "2025.06.07"]

1. d4 {[%clk 01:30:54]} {[%emt 00:00:05]} Nf6 {[%clk 01:30:49]} {[%emt
00:00:11]} 2. Nf3 {[%clk 01:31:18]} {[%emt 00:00:07]} e6 {[%clk 01:29:02]}
{[%emt 00:02:17]} 3. Nc3 {[%clk 01:30:01]} {[%emt 00:01:46]} d5 {[%clk
01:25:36]} {[%emt 00:03:55]} 4. Bg5 {[%clk 01:29:52]} {[%emt 00:00:39]} Be7
{[%clk 01:22:42]} {[%emt 00:03:23]} 5. e3 {[%clk 01:29:32]} {[%emt 00:00:51]}
h6 {[%clk 01:18:00]} {[%emt 00:05:12]} 6. Bh4 {[%clk 01:29:40]} {[%emt
00:00:22]} Nc6 {[%clk 01:16:10]} {[%emt 00:02:20]} 7. Bb5 {[%clk 01:28:50]}
{[%emt 00:01:20]} Bd7 {[%clk 01:12:56]} {[%emt 00:03:44]} 8. O-O {[%clk
01:28:39]} {[%emt 00:00:41]} a6 {[%clk 01:08:41]} {[%emt 00:04:46]} 9. Ba4
{[%clk 01:28:48]} {[%emt 00:00:21]} O-O {[%clk 01:07:05]} {[%emt 00:02:05]} 10.
Bxf6 {[%clk 01:18:11]} {[%emt 00:11:07]} Bxf6 {[%clk 01:06:11]} {[%emt
00:01:23]} 11. Bb3 {[%clk 01:18:27]} {[%emt 00:00:15]} b5 {[%clk 01:01:57]}
{[%emt 00:04:45]} 12. a4 {[%clk 01:16:56]} {[%emt 00:02:01]} b4 {[%clk
01:00:15]} {[%emt 00:02:11]} 13. Ne2 {[%clk 01:17:08]} {[%emt 00:00:18]} a5
{[%emt 00:03:19]} 14. c4 {[%clk 01:16:32]} bxc3 {[%clk 00:59:57]} 15. Nxc3
{[%clk 01:16:15]} {[%emt 00:01:02]} Nb4 {[%clk 00:59:19]} {[%emt 00:01:07]} 16.
Ne1 {[%clk 01:06:17]} {[%emt 00:10:29]} Qe7 {[%clk 00:55:36]} {[%emt 00:04:14]}
17. Nd3 {[%clk 01:04:40]} {[%emt 00:02:07]} Rfb8 {[%clk 00:53:26]} {[%emt
00:02:41]} 18. Nc5 {[%clk 01:01:04]} {[%emt 00:04:04]} Na6 {[%clk 00:52:14]}
{[%emt 00:01:43]} 19. Nxa6 {[%clk 00:51:06]} {[%emt 00:10:28]} Rxa6 {[%clk
00:51:01]} {[%emt 00:01:43]} 20. Rb1 {[%clk 00:48:53]} {[%emt 00:02:42]} Rab6
{[%clk 00:45:46]} {[%emt 00:05:46]} 21. Bc2 {[%clk 00:48:04]} {[%emt 00:01:18]}
Rxb2 {[%clk 00:45:47]} {[%emt 00:00:30]} 22. Qd3 {[%clk 00:47:54]} {[%emt
00:00:39]} g6 {[%clk 00:45:39]} {[%emt 00:00:39]} 23. Rxb2 {[%clk 00:34:27]}
{[%emt 00:13:57]} Rxb2 {[%clk 00:45:29]} {[%emt 00:00:39]} 24. Rb1 {[%clk
00:34:42]} {[%emt 00:00:16]} Rxb1+ {[%clk 00:45:28]} {[%emt 00:00:32]} 25. Nxb1
{[%clk 00:34:59]} {[%emt 00:00:13]} Qb4 {[%clk 00:45:45]} {[%emt 00:00:12]} 26.
Qc3 {[%clk 00:34:54]} {[%emt 00:00:34]} Qb6 {[%clk 00:43:47]} {[%emt 00:02:30]}
27. Qb3 {[%clk 00:34:21]} {[%emt 00:01:02]} Qxb3 {[%clk 00:41:52]} {[%emt
00:02:25]} 28. Bxb3 {[%clk 00:34:45]} {[%emt 00:00:06]} Be7 {[%clk 00:41:52]}
{[%emt 00:00:31]} 29. f3 {[%clk 00:33:37]} {[%emt 00:01:37]} Bb4 {[%clk
00:41:57]} {[%emt 00:00:26]} 30. e4 {[%clk 00:33:52]} {[%emt 00:00:15]} dxe4
{[%clk 00:41:50]} {[%emt 00:00:36]} 31. fxe4 {[%clk 00:34:06]} {[%emt
00:00:17]} Bc6 {[%clk 00:42:10]} {[%emt 00:00:10]} 32. d5 {[%clk 00:34:17]}
{[%emt 00:00:19]} exd5 {[%clk 00:42:29]} {[%emt 00:00:10]} 33. exd5 {[%clk
00:34:43]} {[%emt 00:00:06]} Bd7 {[%clk 00:42:51]} {[%emt 00:00:07]} 34. Kf2
{[%clk 00:34:51]} {[%emt 00:00:22]} Bf5 {[%clk 00:42:52]} {[%emt 00:00:29]} 35.
Ba2 {[%clk 00:34:50]} {[%emt 00:00:31]} Kf8 {[%clk 00:42:58]} {[%emt 00:00:24]}
36. Ke2 {[%clk 00:34:10]} {[%emt 00:01:11]} Bc2 {[%clk 00:41:39]} {[%emt
00:01:48]} 37. Nd2 {[%clk 00:34:23]} {[%emt 00:00:18]} Bxd2 {[%clk 00:41:53]}
{[%emt 00:00:15]} 38. Kxd2 {[%clk 00:34:38]} {[%emt 00:00:15]} Bxa4 {[%clk
00:42:16]} {[%emt 00:00:07]} 39. Kd3 {[%clk 00:34:46]} {[%emt 00:00:21]} Ke7
{[%clk 00:41:50]} {[%emt 00:00:56]} 40. Ke4 {[%clk 00:34:36]} {[%emt 00:00:36]}
Kd6 {[%clk 00:39:23]} {[%emt 00:03:02]} 41. Kd4 {[%clk 00:34:50]} {[%emt
00:00:16]} f5 {[%clk 00:39:29]} {[%emt 00:00:24]} 42. g3 {[%clk 00:33:54]}
{[%emt 00:01:26]} Bd1 {[%clk 00:37:58]} {[%emt 00:02:00]} 43. Ke3 {[%clk
00:33:28]} {[%emt 00:00:57]} a4 {[%clk 00:38:07]} {[%emt 00:00:22]} 44. Kd2
{[%clk 00:33:28]} {[%emt 00:00:29]} Bb3 {[%clk 00:38:25]} {[%emt 00:00:12]} 45.
Bxb3 {[%clk 00:33:47]} {[%emt 00:00:11]} axb3 {[%clk 00:38:49]} {[%emt
00:00:06]} 46. Kc3 {[%clk 00:34:14]} {[%emt 00:00:04]} Kxd5 {[%clk 00:39:10]}
{[%emt 00:00:08]} 47. Kxb3 {[%clk 00:34:39]} {[%emt 00:00:05]} Kd4 {[%clk
00:39:32]} {[%emt 00:00:08]} 48. Kc2 {[%clk 00:34:56]} {[%emt 00:00:14]} c5
{[%clk 00:39:53]} {[%emt 00:00:05]} 49. Kd2 {[%clk 00:35:21]} {[%emt 00:00:08]}
c4 {[%clk 00:40:14]} {[%emt 00:00:09]} 50. Kc2 {[%clk 00:35:46]} {[%emt
00:00:05]} g5 {[%clk 00:40:38]} {[%emt 00:00:06]} 51. h3 {[%clk 00:36:05]}
{[%emt 00:00:11]} f4 {[%clk 00:41:04]} {[%emt 00:00:04]} 0-1

[Event "DEM U10 2025"]
[Site "Willingen GER"]
[Date "2025.06.10"]
[Round "4"]
[White "Müller, Konstantin"]
[Black "Lüttgen, Jona"]
[Result "1-0"]
[Termination "normal"]
[Board "1"]
[WhiteElo "1998"]
[BlackElo "1621"]
[WhiteClock "00:56:35"]
[BlackClock "00:19:04"]
[PlyCount "75"]
[WhiteFideId "34661778"]
[BlackFideId "533014124"]
[EventCountry "GER"]
[EventRounds "9"]
[EventType "swiss"]
[EventDate "2025.06.07"]

1. d4 {[%clk 01:30:58]} {[%emt 00:00:02]} d5 {[%clk 01:30:56]} {[%emt
00:00:04]} 2. c4 {[%clk 01:31:24]} {[%emt 00:00:04]} e6 {[%clk 01:31:21]}
{[%emt 00:00:05]} 3. Nc3 {[%clk 01:31:50]} {[%emt 00:00:05]} c6 {[%clk
01:31:04]} {[%emt 00:00:46]} 4. b3 {[%clk 01:26:20]} {[%emt 00:05:59]} Nf6
{[%clk 01:29:15]} {[%emt 00:02:20]} 5. Bb2 {[%clk 01:26:34]} {[%emt 00:00:16]}
dxc4 {[%clk 01:27:46]} {[%emt 00:01:59]} 6. bxc4 {[%clk 01:26:59]} {[%emt
00:00:05]} Bb4 {[%clk 01:25:51]} {[%emt 00:02:24]} 7. e3 {[%clk 01:22:48]}
{[%emt 00:04:42]} Qa5 {[%clk 01:21:08]} {[%emt 00:05:12]} 8. Qc2 {[%clk
01:22:16]} {[%emt 00:01:02]} Ne4 {[%clk 01:18:59]} {[%emt 00:02:39]} 9. Nge2
{[%clk 01:21:27]} {[%emt 00:01:20]} Qf5 {[%clk 01:16:38]} {[%emt 00:02:51]} 10.
Ng3 {[%clk 01:06:16]} {[%emt 00:15:42]} Nxg3 {[%clk 01:16:44]} {[%emt
00:00:23]} 11. Bd3 {[%clk 01:06:43]} {[%emt 00:00:04]} Qh5 {[%clk 01:04:25]}
{[%emt 00:12:48]} 12. fxg3 {[%clk 01:07:02]} {[%emt 00:00:10]} Bd6 {[%clk
01:02:50]} {[%emt 00:02:06]} 13. O-O {[%clk 01:06:59]} {[%emt 00:00:34]} O-O
{[%clk 01:02:23]} {[%emt 00:00:57]} 14. Ne4 {[%clk 01:06:18]} {[%emt 00:01:10]}
Be7 {[%clk 01:01:08]} {[%emt 00:01:45]} 15. Rf3 {[%clk 01:02:51]} {[%emt
00:03:57]} Na6 {[%clk 00:59:34]} {[%emt 00:02:03]} 16. g4 {[%clk 01:01:45]}
{[%emt 00:01:37]} Qxg4 {[%clk 00:56:15]} {[%emt 00:03:49]} 17. Nf2 {[%clk
01:00:02]} {[%emt 00:02:13]} Qh5 {[%clk 00:53:47]} {[%emt 00:02:58]} 18. Rh3
{[%clk 01:00:01]} {[%emt 00:00:31]} Bh4 {[%clk 00:53:00]} {[%emt 00:01:17]} 19.
g3 {[%clk 00:57:01]} {[%emt 00:03:30]} Nb4 {[%clk 00:51:37]} {[%emt 00:01:53]}
20. Qd2 {[%clk 00:56:59]} {[%emt 00:00:32]} Nxd3 {[%clk 00:48:51]} {[%emt
00:03:16]} 21. Nxd3 {[%clk 00:56:57]} {[%emt 00:00:31]} g5 {[%clk 00:46:18]}
{[%emt 00:03:03]} 22. gxh4 {[%clk 00:57:15]} {[%emt 00:00:13]} gxh4 {[%emt
00:02:24]} 23. Nf4 {[%clk 00:56:37]} {[%emt 00:01:05]} Qh6 {[%clk 00:40:05]}
{[%emt 00:04:52]} 24. Rf3 {[%clk 00:56:36]} {[%emt 00:00:31]} Kh8 {[%clk
00:39:19]} {[%emt 00:01:16]} 25. Kh1 {[%clk 00:56:27]} {[%emt 00:00:38]} f6
{[%clk 00:38:43]} {[%emt 00:01:07]} 26. Raf1 {[%clk 00:55:35]} {[%emt
00:01:22]} b6 {[%clk 00:38:13]} {[%emt 00:01:01]} 27. Qf2 {[%clk 00:54:55]}
{[%emt 00:01:09]} c5 {[%clk 00:36:23]} {[%emt 00:02:20]} 28. d5 {[%clk
00:54:54]} {[%emt 00:00:31]} e5 {[%clk 00:36:23]} {[%emt 00:00:30]} 29. Ne6
{[%clk 00:54:12]} {[%emt 00:01:12]} Bxe6 {[%clk 00:34:46]} {[%emt 00:02:07]}
30. dxe6 {[%clk 00:54:34]} {[%emt 00:00:08]} Kg7 {[%clk 00:31:38]} {[%emt
00:03:37]} 31. Rxf6 {[%clk 00:54:24]} {[%emt 00:00:41]} Qxf6 {[%clk 00:28:37]}
{[%emt 00:03:31]} 32. Qxf6+ {[%clk 00:54:49]} {[%emt 00:00:05]} Rxf6 {[%clk
00:28:11]} {[%emt 00:00:56]} 33. Bxe5 {[%clk 00:55:13]} {[%emt 00:00:06]} h3
{[%clk 00:24:03]} {[%emt 00:04:37]} 34. Rxf6 {[%clk 00:55:19]} {[%emt
00:00:25]} Kg8 {[%clk 00:22:33]} {[%emt 00:02:00]} 35. e7 {[%clk 00:55:37]}
{[%emt 00:00:12]} b5 {[%clk 00:20:29]} {[%emt 00:02:34]} 36. Bd6 {[%clk
00:55:54]} {[%emt 00:00:12]} bxc4 {[%clk 00:18:43]} {[%emt 00:02:17]} 37. Rf8+
{[%clk 00:56:14]} {[%emt 00:00:10]} Kg7 {[%clk 00:19:04]} {[%emt 00:00:09]} 38.
Rxa8 {[%clk 00:56:35]} {[%emt 00:00:09]} 1-0

[Event "DEM U10 2025"]
[Site "Willingen GER"]
[Date "2025.06.10"]
[Round "4"]
[White "Ranganathan, Aadith"]
[Black "Reese, Oscar"]
[Result "1-0"]
[Termination "normal"]
[Board "2"]
[WhiteElo "1824"]
[BlackElo "1666"]
[WhiteClock "00:58:45"]
[BlackClock "00:30:15"]
[PlyCount "73"]
[WhiteFideId "34667121"]
[BlackFideId "34644474"]
[EventCountry "GER"]
[EventRounds "9"]
[EventType "swiss"]
[EventDate "2025.06.07"]

1. e4 {[%clk 01:30:56]} {[%emt 00:00:04]} c5 {[%clk 01:30:45]} {[%emt
00:00:15]} 2. Nf3 {[%clk 01:31:19]} {[%emt 00:00:07]} d6 {[%clk 01:31:05]}
{[%emt 00:00:10]} 3. Bb5+ {[%clk 01:31:43]} {[%emt 00:00:06]} Nd7 {[%clk
01:31:25]} {[%emt 00:00:09]} 4. O-O {[%clk 01:32:05]} {[%emt 00:00:08]} a6
{[%clk 01:31:48]} {[%emt 00:00:08]} 5. Bxd7+ {[%clk 01:32:28]} {[%emt
00:00:06]} Bxd7 {[%clk 01:32:05]} {[%emt 00:00:13]} 6. c4 {[%clk 01:32:40]}
{[%emt 00:00:19]} Nf6 {[%clk 01:32:26]} {[%emt 00:00:09]} 7. d3 {[%clk
01:33:05]} {[%emt 00:00:05]} g6 {[%clk 01:32:32]} {[%emt 00:00:24]} 8. Nc3
{[%clk 01:33:25]} {[%emt 00:00:10]} Bg7 {[%clk 01:32:40]} {[%emt 00:00:21]} 9.
Bf4 {[%clk 01:32:51]} {[%emt 00:01:04]} O-O {[%clk 01:32:04]} {[%emt 00:01:06]}
10. Qd2 {[%clk 01:33:09]} {[%emt 00:00:13]} Bg4 {[%clk 01:26:39]} {[%emt
00:05:55]} 11. Ne1 {[%clk 01:31:33]} {[%emt 00:02:06]} Rb8 {[%clk 01:26:06]}
{[%emt 00:01:03]} 12. Nc2 {[%clk 01:30:43]} {[%emt 00:01:20]} b5 {[%clk
01:26:07]} {[%emt 00:00:30]} 13. cxb5 {[%clk 01:30:45]} {[%emt 00:00:27]} axb5
{[%clk 01:26:29]} {[%emt 00:00:08]} 14. Ne3 {[%clk 01:30:46]} {[%emt 00:00:28]}
Bc8 {[%clk 01:25:55]} {[%emt 00:01:05]} 15. Ned5 {[%clk 01:30:49]} {[%emt
00:00:27]} Nxd5 {[%clk 01:25:20]} {[%emt 00:01:06]} 16. Nxd5 {[%clk 01:31:07]}
{[%emt 00:00:11]} e6 {[%clk 01:25:37]} {[%emt 00:00:13]} 17. Ne3 {[%clk
01:29:04]} {[%emt 00:02:32]} Bb7 {[%clk 01:20:52]} {[%emt 00:05:15]} 18. Rab1
{[%clk 01:25:14]} {[%emt 00:04:21]} d5 {[%clk 01:12:45]} {[%emt 00:08:37]} 19.
Bxb8 {[%clk 01:25:18]} {[%emt 00:00:25]} Qxb8 {[%clk 01:13:07]} {[%emt
00:00:08]} 20. b4 {[%clk 01:25:10]} {[%emt 00:00:39]} d4 {[%clk 01:11:25]}
{[%emt 00:02:12]} 21. Nc2 {[%clk 01:22:14]} {[%emt 00:03:25]} c4 {[%clk
01:07:25]} {[%emt 00:04:32]} 22. a3 {[%clk 01:20:16]} {[%emt 00:02:28]} Qa8
{[%clk 01:04:10]} {[%emt 00:03:43]} 23. Rfe1 {[%clk 01:18:52]} {[%emt
00:01:54]} Rc8 {[%clk 00:57:06]} {[%emt 00:07:34]} 24. f3 {[%clk 01:04:42]}
{[%emt 00:14:41]} Qa7 {[%clk 00:56:31]} {[%emt 00:01:05]} 25. e5 {[%clk
00:57:40]} {[%emt 00:07:31]} Rd8 {[%clk 00:48:37]} {[%emt 00:08:24]} 26. Rbd1
{[%clk 00:56:42]} {[%emt 00:01:29]} c3 {[%clk 00:36:50]} {[%emt 00:12:18]} 27.
Qf2 {[%clk 00:57:01]} {[%emt 00:00:10]} Rd5 {[%clk 00:36:57]} {[%emt 00:00:23]}
28. f4 {[%clk 00:57:08]} {[%emt 00:00:23]} Qb6 {[%clk 00:36:33]} {[%emt
00:00:54]} 29. Re4 {[%clk 00:57:20]} {[%emt 00:00:17]} Rd7 {[%clk 00:36:07]}
{[%emt 00:00:56]} 30. Rxd4 {[%clk 00:57:17]} {[%emt 00:00:34]} Rxd4 {[%clk
00:36:20]} {[%emt 00:00:17]} 31. Qxd4 {[%clk 00:57:40]} {[%emt 00:00:07]} Qc6
{[%clk 00:36:29]} {[%emt 00:00:21]} 32. Ne3 {[%clk 00:57:19]} {[%emt 00:00:51]}
f6 {[%clk 00:30:16]} {[%emt 00:06:43]} 33. exf6 {[%clk 00:57:30]} {[%emt
00:00:19]} e5 {[%clk 00:30:10]} {[%emt 00:00:35]} 34. fxe5 {[%clk 00:57:35]}
{[%emt 00:00:25]} Bh6 {[%clk 00:29:41]} {[%emt 00:00:59]} 35. Qd8+ {[%clk
00:57:56]} {[%emt 00:00:09]} Kf7 {[%clk 00:29:55]} {[%emt 00:00:14]} 36. Qe7+
{[%clk 00:58:20]} {[%emt 00:00:08]} Kg8 {[%clk 00:30:15]} {[%emt 00:00:10]} 37.
f7+ {[%clk 00:58:45]} {[%emt 00:00:05]} 1-0